| 000 | 01612nam0a2200313 4500 | ||
|---|---|---|---|
| 001 | rc\4788146 | ||
| 005 | 20250613084547.0 | ||
| 010 |
_bВ пер. _d76 к. _911000 |
||
| 021 |
_aRU _b[64-28006] |
||
| 035 | _a(NLR Aleph) 009033826 | ||
| 090 |
_a9506690 _c9506690 |
||
| 100 | _a20130417d1964 |||y0rusy50 ca | ||
| 101 | 0 | _arus | |
| 102 | _aRU | ||
| 105 | _aa j ||||| | ||
| 200 | 1 |
_aОрганизация и планирование предприятий легкой промышленности _e[учебное пособие для технических специальностей вузов легкой промышленности] _fС.И. Овчинников, П.С. Пушкин |
|
| 210 |
_aМосква _c"Легкая индустрия" _d1964 |
||
| 215 |
_a276 с. _cчерт. _d22 |
||
| 606 |
_aЛегкая промышленность _jУчебные издания для высших учебных заведений _xПредприятия _xПланирование _91520565 _3RU\NLR\AUTH\66661080 |
||
| 606 |
_aЛегкая промышленность _jУчебные издания для высших учебных заведений _xПредприятия _xОрганизация производства _91520100 _3RU\NLR\AUTH\66660801 |
||
| 686 | 1 | _aУ30(2)51-232я73 | |
| 700 | 1 |
_aОвчинников _bС. И. _gСемен Иванович |
|
| 701 | 1 |
_aПушкин _bП. С. _gПавел Семенович |
|
| 801 | 0 |
_aRU _bNLR _gpsbo |
|
| 801 | 1 |
_aRU _bELAR _2rusmarc |
|
| 852 |
_aNLR _j64-5/2110 |
||
| 942 | _cBOOK | ||
| 980 | _aNB | ||